Castle Crashers All Playable Characters - Statistics

General Stats
  • This quiz has been taken 109 times
  • The average score is 21 of 31
Answer Stats
PC Method Hint Name % Correct
Default Blue Knight
99%
Default Green Knight
99%
Default Red Knight
99%
Default Orange Knight
94%
DLC Pink Knight
91%
Beat the Barbarian Boss Gray Knight
90%
Beat King's Arena Barbarian
88%
Insane Mode King
88%
Beat Alien Ship Alien
87%
Beat Thieves' Arena Thief
81%
Insane Mode Necromancer
78%
Beat Game as Above Bear
76%
DLC Blacksmith
76%
Beat Peasant's Arena Peasant
75%
Beat Game as Above Skeleton
75%
Own Battleblock Theater Hatty Hattington
63%
Beat Game as Above Industrialist
63%
Beat Game as Above Fencer
61%
Beat Game as Above Ninja
60%
Beat Game as Above Fire Demon
58%
Beat Ice Arena Iceskimo
54%
Beat Game as Above Civilian
51%
Beat Game as Above Snakey
51%
Beat Volcano Arena Conehead
49%
Beat Game as Above Royal Guard
46%
Beat Game as Above Brute
42%
Beat Game as Above Stove Face
42%
Insane Mode Open Faced Gray Knight
36%
Beat Game as Above Saracen
34%
Insane Mode Cult Minion
30%
Beat Game as Above Killer Beekeeper
19%
No matching quizzes found
Score Distribution
Percent of People with Each Score
Percentile by Number Answered
Your Score History
You have not taken this quiz